Guess the Hit Title from the Lyrics #8 - Statistics

General Stats
  • This quiz has been taken 327 times
    320 since last reset
  • The average score is 4 of 15
Answer Stats
Lyrics Answer % Correct
What doesnt kill you makes you ____ / Stand a little taller / Doesn't mean I'm lonely when I'm alone / What doesn't kill you makes a fighter / Footsteps even lighter / Doesn't mean I'm over 'cause you're gone Stronger: By Kelly Clarkson
95%
It's the __ _ __ ___, it's the thrill of the fight / Risin' up to the challenge of our rival / And the last known survivor stalks his prey in the night / And he's watchin' us all with the __ _ __ ___ Eye Of The Tiger: By Survivor
76%
All of my life / Where have you been / I wonder if I'll ever see you ____ / And if that day comes I know we could win / I wonder if I'll ever see you ____ Again: By Lenny Kravitz
62%
I'm on my way / Driving at ninety down those country lanes / Singing to "Tiny Dancer" / And I miss the way you make me feel, and it's real / We watched the sunset over the ____ _ __ ___ Castle On The Hill: By Ed Sheeran
44%
Slow, ___ ___ / Like sweat dripping down our dirty laundry / No, no chance / That I'm leaving here without you on me / I, I know / Yeah, I already know that there ain't no stoppin' / ___ ___, ___ ___ Slow Hands: By Niall Horan
30%
Tell all of your friends that I'm crazy and drive you mad / That I'm such a stalker, a watcher, a psychopath / Then tell them you hate me and dated me just for laughs / So, why do you call me and tell me you want me back? / You ____ Maniac: By Conan Gray
29%
I don't want to hear sad songs anymore / I only want to hear love songs / I found my heart up in this place tonight / Don't want to sing mad songs anymore / Only want to sing ___ ___ Your Song: By Rita Ora
28%
These feelings come in ____ / I know I've got some things I need to change / To be better / Yeah, they come in ____ / I know I've got some things I need to change / To be better, a better me Waves: By Paige
20%
If my love ain't your love / It's never gonna be _____ ___ / I'm never gonna need _____ ___ but yours (nobody's, but yours) / If my love ain't your love / It's never gonna be _____ ___ Nobody's Love: By Maroon 5
6%
Look around your world pretty baby / Is it everything you hoped it'd be / The wrong guy, the wrong situation / The right time to ___ __ __ Roll To Me: By Del Amitri
6%
He believes in God and Elvis / He gets out when he can / He did his time in Vietnam / Still mad at Uncle Sam / He's a simple man / With a heart of gold / In a complicated land / Oh he's a _____ ___ __ Working Class Man: By Jimmy Barnes
6%
So as long as I live I love you / Will haven and hold you / You look so _____ _ ___ / And from now 'til my very last breath / This day I'll cherish / You look so ______ _ ____ / Tonight Beautiful In White: By Shane Filan
4%
Sellout, sellout, sellout / ____ __ _ __ (hey) / But in the end, my time will come / Like a ____ __ _ __ / Blood, sweat and tears to be the one / ____ __ _ __ (hey) Bullet In A Gun: By Imagine Dragons
3%
__'_ ___ __ ___, my friend / Don't forget your family, yeah / __'_ ___ __ ___, my friend / The ones who made you / The ones who brought you here Don't Forget Your Roots: By Six60
3%
Feels like a TKO feels like the lowest blow / Yeah, yeah (yeah) / Under the neon lights I think we might get _____ __ ____ / _____ __ ____ Married In Vegas: By The Vamps
3%
No matching quizzes found
Score Distribution
Percent of People with Each Score
Percentile by Number Answered
Your Score History
You have not taken this quiz since the last reset